000 00496ntaaa2200181 4500
003 01
005 20251027202314.0
008 0714s1973 ag 01
040 _aAR-BaBN
_bspa
_cAR-BaBN
_eaacr
_dRIC
082 _a280.1000 C74
100 _aWorld Council of Churches
_918625
245 _aA time of compassion
250 _a1 ed.
260 _aGeneva :
_bWorld Council of Churches,
_c1961
300 _a31 p
500 _aInforme del Concilio Mundial de Iglesias con los refugiados
942 _cBK
999 _c17841
_d17841